Нестехиометрия в твердом теле

Detalles Bibliográficos
Autor Principal: Ремпель А. А. Андрей Андреевич
Outros autores: Гусев А. И. Александр Иванович
Summary:Основное содержание книги связано со всесторонним обсуждением явлений нестехиометрии, беспорядка и порядка в твердом теле. Нестехиометрия, обусловленная наличием структурных вакансий, широко распространена в твердофазных соединениях и создает предпосылки для неупорядоченного или упорядоченного распределения атомов и вакансий. Упорядочение и разупорядочение возможны в любых системах с замещением. К ним относятся рассматриваемые в книге нестехиометрические соединения (карбиды, нитриды, оксиды, сульфиды, родственные им тройные соединения внедрения), металлические сплавы и твердые растворы замещения. Приведен обширный экспериментальный материал по структуре неупорядоченной и упорядоченных фаз нестехиометрических соединений, соотношению между ближним и дальним порядком в нестехиометрических соединениях. Подробно рассмотрены результаты симметрийного анализа превращений беспорядок-порядок.
Idioma:ruso
Publicado: Москва, Физматлит, 2018
Subjects:
Formato: Libro
KOHA link:https://koha.lib.tpu.ru/cgi-bin/koha/opac-detail.pl?biblionumber=340177

MARC

LEADER 00000nam0a2200000 4500
001 340177
005 20231102005218.0
010 |a 9785922117654 
035 |a (RuTPU)RU\TPU\book\366771 
090 |a 340177 
100 |a 20180222d2018 k y0rusy50 ca 
101 0 |a rus 
102 |a RU 
105 |a a z 001zy 
200 1 |a Нестехиометрия в твердом теле  |f А. А. Ремпель, А. И. Гусев 
210 |a Москва  |c Физматлит  |d 2018 
215 |a 637 с.  |c ил. 
320 |a Библиогр. в конце гл. 
320 |a Предм. указ.: с. 631-636 
330 |a Основное содержание книги связано со всесторонним обсуждением явлений нестехиометрии, беспорядка и порядка в твердом теле. Нестехиометрия, обусловленная наличием структурных вакансий, широко распространена в твердофазных соединениях и создает предпосылки для неупорядоченного или упорядоченного распределения атомов и вакансий. Упорядочение и разупорядочение возможны в любых системах с замещением. К ним относятся рассматриваемые в книге нестехиометрические соединения (карбиды, нитриды, оксиды, сульфиды, родственные им тройные соединения внедрения), металлические сплавы и твердые растворы замещения. Приведен обширный экспериментальный материал по структуре неупорядоченной и упорядоченных фаз нестехиометрических соединений, соотношению между ближним и дальним порядком в нестехиометрических соединениях. Подробно рассмотрены результаты симметрийного анализа превращений беспорядок-порядок. 
606 1 |a Нестехиометрия  |2 stltpush  |3 (RuTPU)RU\TPU\subj\45522  |9 64721 
610 1 |a твердые тела 
610 1 |a дефекты 
610 1 |a кристаллы 
610 1 |a симметрия 
610 1 |a нестехиометрические соединения 
610 1 |a кристаллическая структура 
610 1 |a гомогенность 
610 1 |a химическая связь 
610 1 |a карбиды 
610 1 |a нитриды 
610 1 |a оксиды 
610 1 |a твердые растворы 
610 1 |a сульфиды 
610 1 |a ближний порядок 
610 1 |a дальний порядок 
675 |a 544.11  |v 4 
700 1 |a Ремпель  |b А. А.  |g Андрей Андреевич 
701 1 |a Гусев  |b А. И.  |g Александр Иванович 
801 1 |a RU  |b 63413507  |c 20180222 
801 2 |a RU  |b 63413507  |c 20191002  |g RCR 
942 |c BK 
959 |a 3/20180221  |d 1  |e 770,00  |f ЧЗТЛ:1